|
|
|
|
| LEADER |
00623cam a2200181 7i4500 |
| 001 |
0000015494 |
| 005 |
20091103090000.0 |
| 090 |
0 |
0 |
|a SING 338.7025
|b KOM
|
| 245 |
0 |
0 |
|a Kompass :
|b Singapore 2005.
|
| 260 |
0 |
0 |
|a Singapore:
|b Kompass South East Asia,
|c 2005.
|
| 300 |
# |
# |
|a [v.p].
|
| 500 |
0 |
0 |
|a Vol. 1 : Company information
|
| 500 |
0 |
0 |
|a Vol. 2 : Products and services
|
| 650 |
0 |
0 |
|a Business --
|x Directories --
|z Singapore
|
| 650 |
0 |
0 |
|a Importers --
|x Directories --
|z Singapore
|
| 650 |
0 |
0 |
|a Exporters --
|x Directories --
|z Singapore
|
| 651 |
0 |
0 |
|a Singapore
|
| 999 |
|
|
|a PNG000236B
|b Directories
|c Countries
|e MATRADE Northern Regional Office
|